000 00364nam a22001337a 4500
003 SGT
020 _a9789395386081
082 _a891.4309
_bE22M
100 _aमित्तल, विष्णु
245 _aऐसे थे भारत के गांव
260 _bप्रभात प्रकाशन
_c2022
300 _a160
942 _2ddc
_cBK
999 _c29777
_d29777